| 000 | 00637nam a2200217Ia 4500 | ||
|---|---|---|---|
| 005 | 20241129120218.0 | ||
| 008 | 241129s9999||||xx |||||||||||||| ||und|| | ||
| 020 | _a9788120814189 | ||
| 037 | _aTB | ||
| 040 |
_aSDCL _beng _cSDCL |
||
| 041 |
_aeng _2eng |
||
| 084 |
_aR2, N6 LR _qSDCL |
||
| 100 | _aPowell Robert | ||
| 245 | 4 | _aThe Ultimate Medicine: As Prescribed By Sri Nisargadatta Maharaj Dialogues With A Realized Master | |
| 260 |
_aDelhi _bMotilal Banarasidas Publishers _c1996 |
||
| 300 | _axvi,214p. | ||
| 365 |
_aINR _b295 |
||
| 650 | _aReference | ||
| 942 |
_cTB _hR2, N6 LR |
||
| 999 |
_c1233831 _d1233831 |
||